| 000 | 00519nam a2200217Ia 4500 | ||
|---|---|---|---|
| 003 | OSt | ||
| 005 | 20221005114850.0 | ||
| 006 | a|||||r|||| 00| 0 | ||
| 007 | ta | ||
| 008 | 221004b |||||||| |||| 00| 0 mal d | ||
| 024 | _a58426 | ||
| 037 | _cTextual | ||
| 040 |
_aCRL _cCRL _bmal |
||
| 041 |
_2mal _amal |
||
| 082 | _aQ21:225, 32H4 | ||
| 245 | 0 |
_aBharamandapuranam _b kilippattu |
|
| 260 | _c1944 | ||
| 650 | _aHINDUISM | ||
| 942 |
_hQ21:225, 32H4 _cTEXL _2cc |
||
| 999 |
_c1032679 _d1032679 |
||